[Event "Quebec-ch U18"]
[Site "Montreal CAN"]
[Date "1998.03.05"]
[Round "2"]
[White "Marineau, Remi"]
[Black "Dumesnil, Etienne"]
[Result "1-0"]
[WhiteElo "1777"]
[BlackElo "1769"]
[PlyCount "91"]
[GameId "2160767911873809"]
[EventDate "1998.03.05"]
[EventType "tourn"]
[EventRounds "7"]
[EventCountry "CAN"]
[SourceTitle "EXT 2000"]
[Source "ChessBase"]
[SourceDate "1999.11.18"]
[SourceVersion "1"]
[SourceVersionDate "1999.11.18"]
[SourceQuality "1"]

1. e4 e5 2. f4 exf4 3. Nf3 g5 4. h4 g4 5. Ne5 h5 6. Bc4 Rh7 7. d4 Bh6 8. Nd3 Qf6 9. c3 d6 10. Qe2 f3 11. gxf3 gxf3 12. Qf2 Rg7 13. Bxh6 Rg2 14. Bg5 Rxf2 15. Bxf6 Re2+ 16. Kd1 Nxf6 17. Nd2 Bg4 18. Nf4 Re3 19. Kc2 f2 20. Raf1 c6 21. Bd3 Nbd7 22. Rxf2 O-O-O 23. Nc4 Rf3 24. Rxf3 Bxf3 25. Rf1 d5 26. Nd6+ Kc7 27. Nxf7 Bg4 28. e5 Ne4 29. Nxd8 Kxd8 30. Bxe4 dxe4 31. Kd2 Nb6 32. b3 Ke7 33. Ke3 Nd5+ 34. Nxd5+ cxd5 35. c4 Bf3 36. cxd5 a6 37. Rxf3 exf3 38. Kxf3 b5 39. Ke4 a5 40. Kf5 a4 41. bxa4 bxa4 42. d6+ Kf8 43. Kf6 a3 44. d7 Kg8 45. d8=Q+ Kh7 46. Qe7+ 1-0

[Event "Quebec-ch U18"]
[Site "Montreal CAN"]
[Date "1998.03.06"]
[Round "3"]
[White "Dumesnil, Etienne"]
[Black "Airapetyan, David"]
[Result "1/2-1/2"]
[WhiteElo "1769"]
[BlackElo "1811"]
[PlyCount "89"]
[GameId "2160767911873810"]
[EventDate "1998.03.05"]
[EventType "tourn"]
[EventRounds "7"]
[EventCountry "CAN"]
[SourceTitle "EXT 2000"]
[Source "ChessBase"]
[SourceDate "1999.11.18"]
[SourceVersion "1"]
[SourceVersionDate "1999.11.18"]
[SourceQuality "1"]

1. e4 e6 2. d4 d5 3. Nc3 dxe4 4. Nxe4 Bd7 5. Nf3 Bc6 6. Bd3 Nd7 7. Qe2 Ngf6 8. Nxf6+ Nxf6 9. O-O Bxf3 10. Qxf3 c6 11. c3 Be7 12. Re1 Qc7 13. a4 a5 14. Re5 h6 15. g3 Nh7 16. Bxh7 Rxh7 17. Bd2 Bd6 18. Re4 O-O-O 19. Bf4 g5 20. Bxd6 Rxd6 21. Re5 Rd5 22. Rxd5 cxd5 23. Qd3 Rh8 24. Re1 Qd7 25. b3 Kb8 26. Qe3 Rc8 27. Qe5+ Qc7 28. Qxc7+ Rxc7 29. Rc1 Ka7 30. c4 dxc4 31. Rxc4 Rd7 32. f3 b5 33. axb5 Kb6 34. Kf2 Kxb5 35. Ke3 f5 36. Ra4 Rd5 37. f4 Rd7 38. Rc4 Rg7 39. Kf3 Ra7 40. Ke3 g4 41. Kd3 h5 42. Kc3 Kb6 43. Rc5 Rc7 44. Rxc7 Kxc7 45. b4 1/2-1/2

[Event "Quebec-ch U18"]
[Site "Montreal CAN"]
[Date "1998.03.06"]
[Round "3"]
[White "Gottlieb, Jonathan"]
[Black "Marineau, Remi"]
[Result "1-0"]
[WhiteElo "1873"]
[BlackElo "1777"]
[PlyCount "95"]
[GameId "2160767911873811"]
[EventDate "1998.03.05"]
[EventType "tourn"]
[EventRounds "7"]
[EventCountry "CAN"]
[SourceTitle "EXT 2000"]
[Source "ChessBase"]
[SourceDate "1999.11.18"]
[SourceVersion "1"]
[SourceVersionDate "1999.11.18"]
[SourceQuality "1"]

1. e4 c5 2. Nf3 e6 3. d4 cxd4 4. Nxd4 Nf6 5. Nc3 d6 6. Be3 a6 7. Be2 Be7 8. Qd2 b5 9. f3 b4 10. Nd1 d5 11. e5 Nfd7 12. f4 Nc5 13. Nf2 Bd7 14. O-O Nc6 15. Nb3 Na4 16. Rab1 Nb6 17. Bc5 a5 18. Qe3 Na4 19. Nd3 Nxc5 20. Nbxc5 Qb6 21. Qf2 Bc8 22. Kh1 O-O 23. Rbc1 f6 24. exf6 Bxf6 25. Qg3 Nd4 26. Bg4 Re8 27. c3 bxc3 28. bxc3 Nb5 29. Na4 Qc7 30. Ne5 Bxe5 31. fxe5 Bd7 32. Rf3 Rf8 33. Rcf1 Qc4 34. Rxf8+ Rxf8 35. Rxf8+ Kxf8 36. Qf2+ Ke7 37. Nb6 Qxg4 38. h3 Qd1+ 39. Kh2 Nc7 40. Qc5+ Kf7 41. Qxc7 Kg6 42. Qxd7 Kf5 43. Qf7+ Kxe5 44. Qxg7+ Kd6 45. Qd7+ Ke5 46. Nc4+ Kf6 47. Qd8+ Kg7 48. Qe7+ 1-0

[Event "Quebec-ch U18"]
[Site "Montreal CAN"]
[Date "1998.03.06"]
[Round "3"]
[White "Hua, Lefong"]
[Black "Dubois, Julien"]
[Result "1-0"]
[WhiteElo "2223"]
[BlackElo "1789"]
[PlyCount "63"]
[GameId "2160767911873813"]
[EventDate "1998.03.05"]
[EventType "tourn"]
[EventRounds "7"]
[EventCountry "CAN"]
[SourceTitle "EXT 2000"]
[Source "ChessBase"]
[SourceDate "1999.11.18"]
[SourceVersion "1"]
[SourceVersionDate "1999.11.18"]
[SourceQuality "1"]

1. d4 c5 2. d5 e5 3. e4 d6 4. Nc3 Be7 5. Nf3 a6 6. a4 f5 7. exf5 Bxf5 8. Bd3 Bg4 9. h3 Bh5 10. Ne4 Nd7 11. g4 Bf7 12. Neg5 Bxg5 13. Nxg5 Qe7 14. Bxh7 Ngf6 15. Be4 Nb6 16. c4 Nxc4 17. a5 b6 18. Qd3 Nxe4 19. Qxe4 Nxa5 20. O-O Rf8 21. Bd2 Nb7 22. Rfe1 Kd7 23. f4 Rfe8 24. Qf5+ Kc7 25. Qxf7 Qxf7 26. Nxf7 Re7 27. Ng5 a5 28. Ne6+ Kd7 29. fxe5 Rh8 30. Bg5 Rf7 31. Nf4 dxe5 32. Ng6 1-0

[Event "Quebec-ch U18"]
[Site "Montreal CAN"]
[Date "1998.03.06"]
[Round "4"]
[White "Airapetyan, David"]
[Black "Gottlieb, Jonathan"]
[Result "0-1"]
[WhiteElo "1811"]
[BlackElo "1873"]
[PlyCount "64"]
[GameId "2160767911873814"]
[EventDate "1998.03.05"]
[EventType "tourn"]
[EventRounds "7"]
[EventCountry "CAN"]
[SourceTitle "EXT 2000"]
[Source "ChessBase"]
[SourceDate "1999.11.18"]
[SourceVersion "1"]
[SourceVersionDate "1999.11.18"]
[SourceQuality "1"]

1. d4 Nf6 2. e3 c5 3. c3 e6 4. f4 b6 5. Nf3 Be7 6. Bd3 d5 7. O-O O-O 8. Ne5 Bb7 9. Nd2 Ne4 10. Qf3 f5 11. Qe2 Nd7 12. Ndf3 Ndf6 13. Bd2 c4 14. Bc2 b5 15. Be1 a5 16. a3 Qb6 17. Bh4 Rfe8 18. Ng5 Bd8 19. Nxe4 Nxe4 20. Bxd8 Rexd8 21. Bxe4 dxe4 22. Kf2 Ba6 23. Rfc1 Ra7 24. g4 Rc8 25. gxf5 exf5 26. Rg1 b4 27. Qh5 bxc3 28. Qxf5 cxb2 29. Rab1 c3 30. Nd7 Qh6 31. Rh1 c2 32. Rxb2 c1=Q 0-1

[Event "Quebec-ch U18"]
[Site "Montreal CAN"]
[Date "1998.03.06"]
[Round "4"]
[White "Dubois, Julien"]
[Black "Marineau, Remi"]
[Result "1-0"]
[WhiteElo "1789"]
[BlackElo "1777"]
[PlyCount "103"]
[GameId "2160767911873816"]
[EventDate "1998.03.05"]
[EventType "tourn"]
[EventRounds "7"]
[EventCountry "CAN"]
[SourceTitle "EXT 2000"]
[Source "ChessBase"]
[SourceDate "1999.11.18"]
[SourceVersion "1"]
[SourceVersionDate "1999.11.18"]
[SourceQuality "1"]

1. e4 c5 2. c3 d5 3. e5 Nc6 4. d4 Qb6 5. Nf3 Bg4 6. dxc5 Qxc5 7. Be3 Qa5 8. Be2 Bxf3 9. Bxf3 Nxe5 10. Qxd5 Qxd5 11. Bxd5 O-O-O 12. Bb3 a6 13. O-O e6 14. Nd2 Ng4 15. Ne4 Nxe3 16. fxe3 Nh6 17. Ng5 f6 18. Nxe6 Re8 19. Rad1 Ng4 20. Rfe1 g6 21. Nxf8 Rhxf8 22. Rd3 Re7 23. h3 Ne5 24. Rd6 Kc7 25. Red1 Rd7 26. Rxd7+ Nxd7 27. Kf2 Nc5 28. Bc2 Rd8 29. Rxd8 Kxd8 30. b4 Nd7 31. e4 Ke7 32. Ke3 Kd6 33. Bb3 Ne5 34. a4 a5 35. Bd5 axb4 36. cxb4 b6 37. Kd4 h5 38. a5 bxa5 39. bxa5 Kc7 40. Kc5 Nd7+ 41. Kb5 g5 42. Be6 Nb8 43. Bf7 h4 44. a6 Nc6 45. Bd5 Na7+ 46. Kc5 Kd7 47. Kb6 Nc8+ 48. Kb7 Nd6+ 49. Kb8 Nb5 50. Bc4 Nd4 51. Kb7 Nc6 52. Bb5 1-0

[Event "Quebec-ch U18"]
[Site "Montreal CAN"]
[Date "1998.03.06"]
[Round "4"]
[White "Hua, Lefong"]
[Black "Gravel, Simon jr"]
[Result "1-0"]
[WhiteElo "2223"]
[BlackElo "1990"]
[PlyCount "75"]
[GameId "2160767911873817"]
[EventDate "1998.03.05"]
[EventType "tourn"]
[EventRounds "7"]
[EventCountry "CAN"]
[SourceTitle "EXT 2000"]
[Source "ChessBase"]
[SourceDate "1999.11.18"]
[SourceVersion "1"]
[SourceVersionDate "1999.11.18"]
[SourceQuality "1"]

1. c4 e6 2. Nc3 Nf6 3. e4 d5 4. e5 Nfd7 5. cxd5 exd5 6. d4 Nb6 7. Nf3 Be7 8. Bd3 Be6 9. O-O N8d7 10. Ne2 c5 11. Nf4 Qc7 12. Nxe6 fxe6 13. Bg5 c4 14. Bxe7 Kxe7 15. Bc2 Raf8 16. Qd2 Rxf3 17. Qg5+ Kf8 18. gxf3 Nc8 19. Kh1 Kg8 20. Rg1 Nf8 21. f4 g6 22. f5 exf5 23. Qxf5 Ne7 24. Qf6 Nc6 25. Rad1 Qe7 26. Qf3 Qf7 27. Qe3 Ne6 28. Rg3 Qf4 29. Rf3 Qxe3 30. fxe3 b5 31. Rf6 Ncd8 32. e4 dxe4 33. Bxe4 Kg7 34. Rff1 Nf7 35. Bd5 Nfd8 36. Bxe6 Nxe6 37. d5 Nc5 38. e6 1-0

[Event "Quebec-ch U18"]
[Site "Montreal CAN"]
[Date "1998.03.07"]
[Round "5"]
[White "Dumesnil, Etienne"]
[Black "Hua, Lefong"]
[Result "0-1"]
[WhiteElo "1769"]
[BlackElo "2223"]
[PlyCount "82"]
[GameId "2160767911873818"]
[EventDate "1998.03.05"]
[EventType "tourn"]
[EventRounds "7"]
[EventCountry "CAN"]
[SourceTitle "EXT 2000"]
[Source "ChessBase"]
[SourceDate "1999.11.18"]
[SourceVersion "1"]
[SourceVersionDate "1999.11.18"]
[SourceQuality "1"]

1. e4 c5 2. Nf3 d6 3. d4 cxd4 4. Nxd4 Nf6 5. Nc3 g6 6. Be3 Bg7 7. f3 Nc6 8. Qd2 O-O 9. O-O-O Nxd4 10. Bxd4 Be6 11. Be2 Qa5 12. Kb1 Rfc8 13. Nd5 Qxd2 14. Rxd2 Bxd5 15. Bxf6 Bxa2+ 16. Kxa2 Bxf6 17. Kb3 Rc6 18. c3 Rac8 19. Ra1 Rb6+ 20. Ka2 Kf8 21. Rad1 Rcc6 22. Rd5 a6 23. f4 e6 24. R5d2 Ke7 25. h3 Rc5 26. Rd3 g5 27. e5 dxe5 28. Rd7+ Ke8 29. Bh5 Be7 30. fxg5 e4 31. h4 Ra5+ 32. Kb1 Rf5 33. Rc7 Bd6 34. Rc8+ Ke7 35. Rh8 Rf2 36. Rxh7 Rbxb2+ 37. Ka1 Ra2+ 38. Kb1 Rfb2+ 39. Kc1 Bf4+ 40. Rd2 Bxd2+ 41. Kd1 Rb1+ 0-1

[Event "Quebec-ch U18"]
[Site "Montreal CAN"]
[Date "1998.03.07"]
[Round "5"]
[White "Gravel, Simon jr"]
[Black "Dubois, Julien"]
[Result "1-0"]
[WhiteElo "1990"]
[BlackElo "1789"]
[PlyCount "87"]
[GameId "2160767911873820"]
[EventDate "1998.03.05"]
[EventType "tourn"]
[EventRounds "7"]
[EventCountry "CAN"]
[SourceTitle "EXT 2000"]
[Source "ChessBase"]
[SourceDate "1999.11.18"]
[SourceVersion "1"]
[SourceVersionDate "1999.11.18"]
[SourceQuality "1"]

1. d4 c5 2. d5 e5 3. c4 d6 4. Nc3 f5 5. g3 Nf6 6. Qc2 Be7 7. Bh3 g6 8. e4 Nxe4 9. Nxe4 fxe4 10. Bxc8 Qxc8 11. Qxe4 O-O 12. h4 Qf5 13. f3 Na6 14. a3 Nc7 15. Qe2 b5 16. g4 Qf7 17. b3 a5 18. a4 bxc4 19. bxc4 Na6 20. h5 Nb4 21. Ra3 Kh8 22. Qe4 Rg8 23. Ne2 gxh5 24. Rxh5 Qg6 25. Qxg6 Rxg6 26. Kd1 Rag8 27. Ng3 Bg5 28. Bxg5 Rxg5 29. Rxg5 Rxg5 30. Nf5 Rg6 31. Ne7 Rg7 32. Nf5 Rg6 33. Rb3 Rf6 34. Kd2 h5 35. Rb1 Kg8 36. Rh1 hxg4 37. fxg4 Na6 38. Rh6 Rxh6 39. Nxh6+ Kg7 40. Nf5+ Kf6 41. Nxd6 Nb8 42. Ne4+ Kg6 43. Nxc5 Kg5 44. Ke3 1-0

[Event "Quebec-ch U18"]
[Site "Montreal CAN"]
[Date "1998.03.07"]
[Round "5"]
[White "Marineau, Remi"]
[Black "Airapetyan, David"]
[Result "0-1"]
[WhiteElo "1777"]
[BlackElo "1811"]
[PlyCount "54"]
[GameId "2160767911873821"]
[EventDate "1998.03.05"]
[EventType "tourn"]
[EventRounds "7"]
[EventCountry "CAN"]
[SourceTitle "EXT 2000"]
[Source "ChessBase"]
[SourceDate "1999.11.18"]
[SourceVersion "1"]
[SourceVersionDate "1999.11.18"]
[SourceQuality "1"]

1. e4 e6 2. d4 d5 3. Nc3 dxe4 4. Nxe4 Bd7 5. Nf3 Bc6 6. Bd3 Nd7 7. Qe2 Ngf6 8. Neg5 Bxf3 9. Nxf3 Be7 10. Bd2 c6 11. O-O-O Qb6 12. c4 c5 13. d5 exd5 14. Rhe1 Qd8 15. cxd5 Nxd5 16. Bg5 Kf8 17. Bxe7+ Qxe7 18. Qc2 Qd6 19. Bc4 Qf4+ 20. Kb1 Nb4 21. Re4 Qc7 22. Qe2 Nf6 23. Re5 g6 24. Re1 Nc6 25. Re6 fxe6 26. Qxe6 Kg7 27. Rd1 Rad8 0-1

[Event "Quebec-ch U18"]
[Site "Montreal CAN"]
[Date "1998.03.07"]
[Round "6"]
[White "Dubois, Julien"]
[Black "Airapetyan, David"]
[Result "1-0"]
[WhiteElo "1789"]
[BlackElo "1811"]
[PlyCount "41"]
[GameId "2160767911873823"]
[EventDate "1998.03.05"]
[EventType "tourn"]
[EventRounds "7"]
[EventCountry "CAN"]
[SourceTitle "EXT 2000"]
[Source "ChessBase"]
[SourceDate "1999.11.18"]
[SourceVersion "1"]
[SourceVersionDate "1999.11.18"]
[SourceQuality "1"]

1. e4 e6 2. d4 d5 3. e5 c5 4. c3 Qb6 5. Nf3 Bd7 6. Na3 cxd4 7. cxd4 Bb4+ 8. Bd2 Ne7 9. Bd3 Na6 10. O-O Nc7 11. Qb3 Ba5 12. Bxa5 Qxa5 13. Rfc1 Nc6 14. Rc5 Qb6 15. Qxb6 axb6 16. Rc3 Ra4 17. Rac1 Na8 18. Bb5 Rb4 19. b3 Nxd4 20. Nxd4 Rxd4 21. Rc8+ 1-0

[Event "Quebec-ch U18"]
[Site "Montreal CAN"]
[Date "1998.03.07"]
[Round "6"]
[White "Gravel, Simon jr"]
[Black "Dumesnil, Etienne"]
[Result "0-1"]
[WhiteElo "1990"]
[BlackElo "1769"]
[PlyCount "60"]
[GameId "2160767911873824"]
[EventDate "1998.03.05"]
[EventType "tourn"]
[EventRounds "7"]
[EventCountry "CAN"]
[SourceTitle "EXT 2000"]
[Source "ChessBase"]
[SourceDate "1999.11.18"]
[SourceVersion "1"]
[SourceVersionDate "1999.11.18"]
[SourceQuality "1"]

1. d4 d5 2. c4 e6 3. Nc3 Nf6 4. Bg5 Nbd7 5. e3 c6 6. Nf3 Qa5 7. Nd2 Bb4 8. Qc2 O-O 9. Be2 Re8 10. O-O e5 11. a3 Bd6 12. cxd5 exd4 13. Nc4 Qc7 14. Nxd6 Qxd6 15. dxc6 dxc3 16. cxd7 Bxd7 17. Qxc3 Ne4 18. Bf4 Qxf4 19. Qd3 Qc7 20. Rac1 Bc6 21. b4 Rad8 22. Qc2 Qe5 23. Bd3 Nf6 24. Rfd1 Ng4 25. g3 Nxe3 26. fxe3 Qxe3+ 27. Qf2 Rxd3 28. Rxd3 Qxc1+ 29. Qf1 Qxf1+ 30. Kxf1 Bb5 0-1

[Event "Quebec-ch U18"]
[Site "Montreal CAN"]
[Date "1998.03.07"]
[Round "6"]
[White "Hua, Lefong"]
[Black "Gottlieb, Jonathan"]
[Result "1-0"]
[WhiteElo "2223"]
[BlackElo "1873"]
[PlyCount "81"]
[GameId "2160767911873825"]
[EventDate "1998.03.05"]
[EventType "tourn"]
[EventRounds "7"]
[EventCountry "CAN"]
[SourceTitle "EXT 2000"]
[Source "ChessBase"]
[SourceDate "1999.11.18"]
[SourceVersion "1"]
[SourceVersionDate "1999.11.18"]
[SourceQuality "1"]

1. c4 e6 2. Nc3 d5 3. d4 c5 4. e3 Nf6 5. Nf3 Nc6 6. a3 a6 7. cxd5 exd5 8. Be2 c4 9. b3 b5 10. bxc4 bxc4 11. Ne5 Qc7 12. Qa4 Bd7 13. Nxd7 Qxd7 14. Bf3 Be7 15. Rb1 Bd8 16. O-O O-O 17. Bd2 Bc7 18. g3 Rfd8 19. Rb7 Na5 20. Rxc7 Qxc7 21. Nxd5 Rxd5 22. Bxd5 Nxd5 23. Bxa5 Qb7 24. Qxc4 Rc8 25. Qd3 h6 26. Rb1 Qc6 27. Bb4 Rb8 28. Bc5 Rxb1+ 29. Qxb1 Nc3 30. Qd3 Ne4 31. h4 g5 32. d5 Qg6 33. Be7 Qf5 34. f4 gxh4 35. Bxh4 Nxg3 36. Qxf5 Nxf5 37. Bf6 Nd6 38. Be7 Nc8 39. Bc5 f5 40. d6 Nxd6 41. Bxd6 1-0

[Event "Quebec-ch U18"]
[Site "Montreal CAN"]
[Date "1998.03.08"]
[Round "7"]
[White "Dumesnil, Etienne"]
[Black "Dubois, Julien"]
[Result "1-0"]
[WhiteElo "1769"]
[BlackElo "1789"]
[PlyCount "63"]
[GameId "2160767911873827"]
[EventDate "1998.03.05"]
[EventType "tourn"]
[EventRounds "7"]
[EventCountry "CAN"]
[SourceTitle "EXT 2000"]
[Source "ChessBase"]
[SourceDate "1999.11.18"]
[SourceVersion "1"]
[SourceVersionDate "1999.11.18"]
[SourceQuality "1"]

1. e4 e6 2. d4 c5 3. Nf3 Nf6 4. Nc3 d5 5. Bg5 Be7 6. dxc5 Nxe4 7. Nxe4 dxe4 8. Qxd8+ Bxd8 9. Bxd8 exf3 10. Bc7 O-O 11. gxf3 Bd7 12. O-O-O Bc6 13. Be2 Nd7 14. Bd6 Rfc8 15. Rhg1 Bd5 16. b4 b6 17. Ba6 Rd8 18. c4 Bc6 19. b5 Bxf3 20. Bc7 Bxd1 21. Rxd1 bxc5 22. Bb7 Kf8 23. Bxa8 Rxa8 24. Rxd7 Ke8 25. Rd3 Rc8 26. Bg3 f6 27. a4 Ke7 28. a5 e5 29. Rd5 g5 30. f3 h5 31. Bf2 g4 32. Rxc5 1-0

[Event "Quebec-ch U18"]
[Site "Montreal CAN"]
[Date "1998.03.08"]
[Round "7"]
[White "Gottlieb, Jonathan"]
[Black "Gravel, Simon jr"]
[Result "0-1"]
[WhiteElo "1873"]
[BlackElo "1990"]
[PlyCount "58"]
[GameId "2160767911873828"]
[EventDate "1998.03.05"]
[EventType "tourn"]
[EventRounds "7"]
[EventCountry "CAN"]
[SourceTitle "EXT 2000"]
[Source "ChessBase"]
[SourceDate "1999.11.18"]
[SourceVersion "1"]
[SourceVersionDate "1999.11.18"]
[SourceQuality "1"]

1. e4 e6 2. d4 d5 3. e5 c5 4. c3 Nc6 5. Nf3 Qb6 6. a3 Nh6 7. b4 cxd4 8. cxd4 Nf5 9. Bb2 a5 10. b5 Na7 11. a4 Nc6 12. bxc6 Qxb2 13. Bb5 bxc6 14. Bxc6+ Bd7 15. Bxd7+ Kxd7 16. Nbd2 Nxd4 17. Nxd4 Qxd4 18. O-O Bb4 19. Qf3 Ke7 20. Rac1 Rac8 21. Nb3 Qxe5 22. Qg4 h5 23. Qd1 h4 24. Kh1 Qf4 25. Qd3 Bd6 26. Qh3 g5 27. Rxc8 Rxc8 28. f3 Qc4 29. Nd2 Qe2 0-1

[Event "Quebec-ch U18"]
[Site "Montreal CAN"]
[Date "1998.03.08"]
[Round "7"]
[White "Marineau, Remi"]
[Black "Hua, Lefong"]
[Result "0-1"]
[WhiteElo "1777"]
[BlackElo "2223"]
[PlyCount "36"]
[GameId "2160767911873829"]
[EventDate "1998.03.05"]
[EventType "tourn"]
[EventRounds "7"]
[EventCountry "CAN"]
[SourceTitle "EXT 2000"]
[Source "ChessBase"]
[SourceDate "1999.11.18"]
[SourceVersion "1"]
[SourceVersionDate "1999.11.18"]
[SourceQuality "1"]

1. e4 c5 2. d4 cxd4 3. Nf3 Nf6 4. e5 Nd5 5. Qxd4 e6 6. c4 Nc6 7. Qd1 Nb6 8. Bf4 Bb4+ 9. Nc3 f6 10. Nh4 O-O 11. Bd3 f5 12. Nf3 d5 13. exd6 e5 14. Bg5 Qxd6 15. Be2 Qg6 16. Qc1 f4 17. h4 e4 18. Nh2 Nd4 0-1

[Event "Quebec-ch classe"]
[Site "Beloeil CAN"]
[Date "1998.10.11"]
[Round "1"]
[White "Delebarre, Xavier"]
[Black "Boulay, David"]
[Result "1-0"]
[WhiteElo "2265"]
[BlackElo "1974"]
[PlyCount "95"]
[GameId "2160767911806236"]
[EventDate "1998.10.11"]
[EventType "swiss"]
[EventRounds "5"]
[EventCountry "CAN"]
[SourceTitle "EXT 2022"]
[Source "ChessBase"]
[SourceDate "2021.10.06"]
[SourceVersion "1"]
[SourceVersionDate "2021.10.06"]
[SourceQuality "1"]

1. h3 b6 2. e4 Bb7 3. Nc3 e6 4. Qe2 d6 5. d3 Be7 6. Nf3 Nf6 7. g4 Nfd7 8. Bg2 c5 9. Be3 Nc6 10. Qd2 a6 11. g5 b5 12. h4 Nb6 13. a4 bxa4 14. Nxa4 Nxa4 15. Rxa4 d5 16. c3 Qb6 17. O-O O-O 18. e5 Rfd8 19. d4 c4 20. Nh2 Rab8 21. f4 Bc8 22. Rf2 Bf8 23. Bf3 Ne7 24. Ng4 Nf5 25. h5 a5 26. Bd1 Bd7 27. Ra2 Ra8 28. Rh2 Kh8 29. Bc2 a4 30. Qc1 Qa5 31. Qe1 Rdb8 32. Re2 Rb6 33. Bc1 Qa7 34. Qf2 Qb7 35. Qg2 Rba6 36. g6 fxg6 37. hxg6 h6 38. Nf6 Be7 39. Qh3 Be8 40. Rg2 Bf8 41. Nh7 Qe7 42. Ng5 Kg8 43. Nxe6 Qxe6 44. Qh5 Nd6 45. exd6 Qe1+ 46. Kh2 Qxc1 47. Qxd5+ Kh8 48. Qf7 1-0

[Event "Quebec-ch classe"]
[Site "Beloeil CAN"]
[Date "1998.10.11"]
[Round "1"]
[White "Fortin, Marc"]
[Black "Wenaas, Eric"]
[Result "0-1"]
[WhiteElo "1947"]
[BlackElo "2234"]
[PlyCount "40"]
[GameId "2160767911806238"]
[EventDate "1998.10.11"]
[EventType "swiss"]
[EventRounds "5"]
[EventCountry "CAN"]
[SourceTitle "EXT 2022"]
[Source "ChessBase"]
[SourceDate "2021.10.06"]
[SourceVersion "1"]
[SourceVersionDate "2021.10.06"]
[SourceQuality "1"]

1. e4 e5 2. Nf3 Nc6 3. Bc4 Bc5 4. c3 Nf6 5. d4 exd4 6. cxd4 Bb4+ 7. Bd2 Bxd2+ 8. Nbxd2 d5 9. exd5 Nxd5 10. O-O O-O 11. Re1 Be6 12. Rc1 Nf4 13. Bxe6 Nxe6 14. Nb3 Qd5 15. Ne5 Ncxd4 16. Nxd4 Nxd4 17. Rxc7 Rad8 18. Nf3 Qa5 19. Ree7 Nc6 20. Red7 Qxc7 0-1

[Event "Quebec-ch classe"]
[Site "Beloeil CAN"]
[Date "1998.10.11"]
[Round "1"]
[White "Gilbert, Erick"]
[Black "Pineault, Denis"]
[Result "0-1"]
[WhiteElo "1905"]
[BlackElo "2204"]
[PlyCount "52"]
[GameId "2160767911806239"]
[EventDate "1998.10.11"]
[EventType "swiss"]
[EventRounds "5"]
[EventCountry "CAN"]
[SourceTitle "EXT 2022"]
[Source "ChessBase"]
[SourceDate "2021.10.06"]
[SourceVersion "1"]
[SourceVersionDate "2021.10.06"]
[SourceQuality "1"]

1. d4 Nf6 2. c4 Nc6 3. Nc3 e5 4. d5 Ne7 5. Bg5 Ng6 6. e4 h6 7. Be3 Bb4 8. Qc2 Bxc3+ 9. bxc3 d6 10. Rb1 b6 11. f3 O-O 12. Bd3 Nh5 13. g3 Ne7 14. g4 Nf4 15. Bxf4 exf4 16. h4 Ng6 17. Qh2 Qe7 18. Ne2 Ne5 19. Nd4 Nxd3+ 20. Kd2 Ne5 21. g5 h5 22. Qxf4 Nxc4+ 23. Kd3 Qe5 24. Qc1 Ba6 25. Kc2 Qg3 26. Kb3 Qf2 0-1

[Event "Quebec-ch classe"]
[Site "Beloeil CAN"]
[Date "1998.10.11"]
[Round "1"]
[White "Sikharulidze, Giorgi"]
[Black "Mahabir, Hugh"]
[Result "1-0"]
[WhiteElo "2393"]
[BlackElo "2092"]
[PlyCount "79"]
[GameId "2160767911806241"]
[EventDate "1998.10.11"]
[EventType "swiss"]
[EventRounds "5"]
[EventCountry "CAN"]

1. Nf3 f5 2. g3 Nf6 3. Bg2 e6 4. O-O Be7 5. c4 c6 6. b3 d5 7. Bb2 O-O 8. d3 Qe8 9. Nbd2 Qh5 10. Ne5 Nbd7 11. e4 Qxd1 12. Raxd1 Nxe5 13. Bxe5 Rd8 14. Rfe1 fxe4 15. dxe4 Bb4 16. Bb2 d4 17. e5 Ne8 18. a3 Be7 19. b4 a5 20. bxa5 c5 21. Nb3 Bd7 22. Bxb7 Rab8 23. a6 Ba4 24. Na5 Nc7 25. Rd2 Nxa6 26. Bc6 Bxc6 27. Nxc6 Rb7 28. Nxd8 Bxd8 29. Rb1 Rb3 30. f4 Ba5 31. Rdd1 h5 32. Kf2 Kf7 33. Bxd4 Rxb1 34. Rxb1 cxd4 35. Rb7+ Nc7 36. c5 Kg6 37. Ra7 Kf5 38. Rxa5 Ke4 39. c6 g6 40. Ke2 1-0

[Event "Quebec-ch classe"]
[Site "Beloeil CAN"]
[Date "1998.10.11"]
[Round "2"]
[White "Soudre, Nicolas"]
[Black "Khassanov, Marat"]
[Result "0-1"]
[WhiteElo "2123"]
[BlackElo "2416"]
[PlyCount "72"]
[GameId "2160767911806243"]
[EventDate "1998.10.11"]
[EventType "swiss"]
[EventRounds "5"]
[EventCountry "CAN"]
[SourceTitle "EXT 2022"]
[Source "ChessBase"]
[SourceDate "2021.10.06"]
[SourceVersion "1"]
[SourceVersionDate "2021.10.06"]
[SourceQuality "1"]

1. e4 e5 2. Bc4 Nf6 3. d3 Nc6 4. Nc3 Na5 5. Bb3 Nxb3 6. axb3 d5 7. exd5 Nxd5 8. Qh5 Nb4 9. Qxe5+ Be7 10. Qe2 O-O 11. Be3 Re8 12. Nf3 Bg4 13. h3 Bxf3 14. gxf3 f5 15. O-O-O Bf6 16. Qd2 c6 17. Ne4 Rxe4 18. dxe4 Qa5 19. Qe2 b5 20. c3 Qa1+ 21. Kd2 Qxb2+ 22. Ke1 Qxc3+ 23. Kf1 Qxb3 24. Kg2 a5 25. Bc5 Re8 26. Rb1 Qd3 27. Rhe1 Qxe2 28. Rxe2 Nd3 29. Bd6 Rd8 30. Bc7 Rd7 31. Bb8 a4 32. Kg3 b4 33. e5 Be7 34. Rd1 c5 35. e6 Rd4 36. f4 Nxf4 0-1

[Event "Quebec-ch classe"]
[Site "Beloeil CAN"]
[Date "1998.10.11"]
[Round "2"]
[White "Wenaas, Eric"]
[Black "Sikharulidze, Giorgi"]
[Result "0-1"]
[WhiteElo "2234"]
[BlackElo "2393"]
[PlyCount "64"]
[GameId "2160767911806244"]
[EventDate "1998.10.11"]
[EventType "swiss"]
[EventRounds "5"]
[EventCountry "CAN"]

1. Nf3 g6 2. c4 Bg7 3. Nc3 d6 4. g3 e5 5. Bg2 Nc6 6. d3 f5 7. O-O Nf6 8. Rb1 O-O 9. b4 h6 10. b5 Ne7 11. Nd2 Kh7 12. a4 c6 13. bxc6 bxc6 14. Ba3 Ne8 15. Qc2 Nc7 16. e3 f4 17. exf4 exf4 18. Nce4 Nf5 19. Nf3 Ne6 20. Qd2 Ned4 21. Nxd4 Nxd4 22. f3 Be5 23. Kh1 fxg3 24. hxg3 Bxg3 25. Nxg3 Qh4+ 26. Kg1 Qxg3 27. f4 Bg4 28. Qe1 Ne2+ 29. Kh1 Qe3 30. Rb7+ Kg8 31. Bb2 Rf5 32. Bxc6 Qh3# 0-1